Plantas y etnobotánica en el Urabá antioqueño : Dabeiba y Mutatá /

Detalles Bibliográficos
Otros Autores: Serna González, Marcela (Editor), Cogollo Pacheco, Álvaro (Editor)
Formato: Electrónico eBook
Lenguaje:español
Publicado: Medellín : Sello Editorial Tecnológico de Antioquia, [2024]
Edición:Primera edición.
Materias:
Acceso en línea:Digitalia Hispánica

MARC

LEADER 00000nam a2200000 i 4500
001 DIGTECANT0007
003 NyNyDIG
007 cr |||||||||||
008 241119s2024 ck ao ob 000 0 spa d
006 m o d
035 |a (OCoLC)1473345692 
040 |a DGITA  |b eng  |e rda  |e pn  |c DGITA 
020 |a 9789588628950  |q digital 
020 |z 9789588628943  |q impreso 
043 |a s-ck--- 
050 1 4 |a QK265 ebook 
245 0 0 |a Plantas y etnobotánica en el Urabá antioqueño :  |b Dabeiba y Mutatá /  |c coordinación editorial, Marcela Serna González, Álvaro Cogollo Pacheco. 
250 |a Primera edición. 
264 1 |a Medellín :  |b Sello Editorial Tecnológico de Antioquia,  |c [2024] 
300 |a 1 online resource :  |b illustrations, photographs. 
336 |a text  |b txt  |2 rdacontent 
337 |a computer  |b c  |2 rdamedia 
338 |a online resource  |b cr  |2 rdacarrier 
347 |a text file  |2 rdaft 
347 |b PDF 
504 |a Includes bibliographical references. 
588 0 |a Online resource; title from PDF title page (Digitalia, viewed November 19, 2024) 
650 0 |a Plants  |z Colombia  |z Urabá. 
650 0 |a Ethnobotany  |z Colombia  |z Urabá. 
700 1 |a Serna González, Marcela,  |e editor. 
700 1 |a Cogollo Pacheco, Álvaro,  |e editor. 
791 2 |a Digitalia (Firm),  |e distributor. 
793 0 |g Digitalia eBook Collection:  |a Tecnológico de Antioquia 
776 0 8 |i Print version:  |t Plantas y etnobotánica en el Urabá antioqueño.  |b Primera edición.  |d Medellín : Sello Editorial Tecnológico de Antioquia, [2024]  |z 9789588628943 
856 4 0 |3 Digitalia Hispánica  |u https://www.digitaliapublishing.com/a/159128/ 
910 |a Premium collection: 2024